[Event "Chess.com Speed Chess Championship (Qualifier)"]
[Site "chess.com INT"]
[Date "2018.06.26"]
[EventDate "2018.06.26"]
[Round "1.18"]
[Result "0-1"]
[White "Leinier Dominguez Perez"]
[Black "Georg Meier"]
[WhiteElo "2739"]
[BlackElo "2628"]
[PlyCount "114"]

1. e4 e6 2. d4 d5 3. Nc3 Nf6 4. e5 Nfd7 5. Nce2 c5 6. c3 Nc6
7. Nf3 b5 8. a3 b4 9. axb4 cxb4 10. Nf4 Qb6 11. h4 Be7 12. Bd3
a5 13. O-O Ba6 14. Be3 Bxd3 15. Qxd3 Qa6 16. Qc2 O-O 17. Ng5
Bxg5 18. hxg5 Rfc8 19. g3 a4 20. Kg2 Nf8 21. Rh1 a3 22. bxa3
bxc3 23. Nd3 Qc4 24. Nc5 Nxd4 25. Bxd4 Qxd4 26. Nd7 Ng6
27. Rad1 Qa7 28. Nf6+ gxf6 29. gxf6 Qa4 30. Qc1 Qe4+ 31. Kg1
Qxe5 32. Qh6 Qxf6 33. Qxh7+ Kf8 34. Qh6+ Ke7 35. Qe3 Qe5
36. Qb6 c2 37. Rc1 Rab8 38. Qa7+ Qc7 39. Qe3 Qc3 40. Qg5+ Qf6
41. Qe3 d4 42. Qe4 Qf5 43. Qxd4 Rb1 44. Kg2 Rxc1 45. Rxc1 Qd5+
46. Qxd5 exd5 47. Kf3 Kd6 48. Ke3 Ne5 49. a4 Nc4+ 50. Kd4 Na3
51. a5 Rc4+ 52. Kd3 Ra4 53. Kd2 Rxa5 54. Rh1 Rb5 55. Rh6+ Kc5
56. Rh8 Rb1 57. Rc8+ Kd4 0-1

[Event "Chess.com Speed Chess Championship (Qualifier)"]
[Site "chess.com INT"]
[Date "2018.06.26"]
[EventDate "2018.06.26"]
[Round "1.19"]
[Result "1/2-1/2"]
[White "Georg Meier"]
[Black "Leinier Dominguez Perez"]
[WhiteElo "2628"]
[BlackElo "2739"]
[PlyCount "117"]

1. Nf3 d5 2. g3 Nf6 3. Bg2 e6 4. O-O Be7 5. c4 O-O 6. d4 dxc4
7. Qc2 a6 8. a4 Bd7 9. Qxc4 Bc6 10. Qc2 Be4 11. Qd1 c5
12. dxc5 Bxc5 13. Nc3 Bc6 14. Bg5 Nbd7 15. Ne1 Bxg2 16. Kxg2
h6 17. Bxf6 Nxf6 18. Qxd8 Rfxd8 19. Nd3 Bd4 20. Rfc1 Rac8
21. Nd1 Kf8 22. f3 Nd5 23. f4 Ne3+ 24. Nxe3 Bxe3 25. Rxc8 Rxc8
26. Kf3 Bd4 27. a5 Rc2 28. Ra4 Bf6 29. Rb4 Rc7 30. g4 Ke8
31. h3 Be7 32. Rb6 Bd8 33. Rb3 Be7 34. e4 Bd6 35. e5 Be7
36. f5 Kd7 37. Rb6 Bd8 38. Rd6+ Ke7 39. b4 Rd7 40. Rxd7+ Kxd7
41. Nc5+ Kc6 42. fxe6 fxe6 43. Nxe6 Be7 44. Nxg7 Bxb4 45. h4
Kd5 46. e6 Ke5 47. Nf5 Kxe6 48. Nxh6 Bxa5 49. g5 Bc3 50. Ke4
a5 51. Kd3 Bg7 52. Ng4 Kf5 53. Ne3+ Kg6 54. Kc4 Kh5 55. Kb5
Kxh4 56. Nf5+ Kxg5 57. Nxg7 a4 58. Kxa4 b5+ 59. Kxb5 1/2-1/2

[Event "Chess.com Speed Chess Championship (Qualifier)"]
[Site "chess.com INT"]
[Date "2018.06.26"]
[EventDate "2018.06.26"]
[Round "1.20"]
[Result "1-0"]
[White "Leinier Dominguez Perez"]
[Black "Georg Meier"]
[WhiteElo "2739"]
[BlackElo "2628"]
[PlyCount "39"]

1. e4 e6 2. d4 d5 3. Nc3 Nf6 4. e5 Nfd7 5. Nce2 c5 6. c3 Nc6
7. Nf3 b5 8. a3 b4 9. axb4 cxb4 10. Nf4 Be7 11. h4 a5 12. Ng5
Bxg5 13. hxg5 Qb6 14. g6 Nf8 15. gxf7+ Kxf7 16. Bd3 Ba6
17. Bc2 Rc8 18. Bd2 Ke7 19. Qg4 Rg8 20. Bxh7 1-0

[Event "Chess.com Speed Chess Championship (Qualifier)"]
[Site "chess.com INT"]
[Date "2018.06.27"]
[EventDate "2018.06.26"]
[Round "2.1"]
[Result "1/2-1/2"]
[White "Leinier Dominguez Perez"]
[Black "Jon Ludvig Hammer"]
[WhiteElo "2739"]
[BlackElo "2631"]
[PlyCount "80"]

1. d4 d5 2. Nf3 Nf6 3. e3 e6 4. Bd3 Bd6 5. O-O O-O 6. b3 b6
7. c4 Bb7 8. cxd5 exd5 9. Ba3 Ne4 10. Bxd6 Qxd6 11. Qc2 Nd7
12. Nc3 Nxc3 13. Qxc3 c5 14. Rac1 a5 15. Bf5 Rac8 16. dxc5
Rxc5 17. Qb2 Rxc1 18. Rxc1 Nc5 19. Qe5 Qxe5 20. Nxe5 g6
21. Bh3 Rd8 22. Nf3 Kf8 23. Nd4 Bc8 24. Bxc8 Rxc8 25. g4 Ke7
26. f3 Kd7 27. h4 Ne6 28. Rxc8 Kxc8 29. Kf2 Nxd4 30. exd4 h6
31. g5 hxg5 32. hxg5 Kd7 33. Kg3 Ke6 34. Kg4 b5 35. a3 Kd6
36. f4 Ke6 37. f5+ Ke7 38. Kf4 Kd6 39. Kg4 Ke7 40. Kf4 Kd6
1/2-1/2

[Event "Chess.com Speed Chess Championship (Qualifier)"]
[Site "chess.com INT"]
[Date "2018.06.27"]
[EventDate "2018.06.26"]
[Round "2.2"]
[Result "1/2-1/2"]
[White "Jon Ludvig Hammer"]
[Black "Leinier Dominguez Perez"]
[WhiteElo "2631"]
[BlackElo "2739"]
[PlyCount "66"]

1. c4 e6 2. Nf3 d5 3. d4 Nf6 4. Nc3 c5 5. cxd5 Nxd5 6. e4 Nxc3
7. bxc3 cxd4 8. cxd4 Bb4+ 9. Bd2 Bxd2+ 10. Qxd2 O-O 11. Rc1 b6
12. Bd3 Ba6 13. Bxa6 Nxa6 14. Qe2 Nb8 15. O-O Nd7 16. Qa6 Nf6
17. Rfe1 Qd7 18. Rc4 Rfc8 19. Ne5 Qe8 20. f3 Rxc4 21. Nxc4 Qd7
22. Rd1 Rc8 23. Ne5 Qc7 24. Nd3 Qc3 25. Qxa7 Qxd4+ 26. Nf2 Qc5
27. Rb1 h6 28. h3 Rd8 29. Qxb6 Rd1+ 30. Kh2 Qxb6 31. Rxb6 Rd2
32. Ng4 Nxg4+ 33. hxg4 Rxa2 1/2-1/2

[Event "Chess.com Speed Chess Championship (Qualifier)"]
[Site "chess.com INT"]
[Date "2018.06.27"]
[EventDate "2018.06.26"]
[Round "2.3"]
[Result "0-1"]
[White "Leinier Dominguez Perez"]
[Black "Jon Ludvig Hammer"]
[WhiteElo "2739"]
[BlackElo "2631"]
[PlyCount "68"]

1. d4 d5 2. Nf3 Nf6 3. e3 e6 4. Bd3 Bd6 5. O-O O-O 6. b3 b6
7. c4 Bb7 8. cxd5 exd5 9. Ba3 Ne4 10. Bxd6 Qxd6 11. Qc2 a6
12. Nc3 f5 13. Ne5 Nd7 14. f4 Nxe5 15. fxe5 Qe7 16. Ne2 c5
17. Nf4 Rac8 18. Qe2 b5 19. Bxe4 dxe4 20. Rac1 Rfd8 21. Rfd1
cxd4 22. Rxc8 Rxc8 23. exd4 Ba8 24. Qe3 g5 25. Nh5 f4 26. Qh3
Rc7 27. Nf6+ Kh8 28. d5 Qxe5 29. d6 Qc5+ 30. Kf1 Qc2 31. Qh5
e3 32. Qe8+ Kg7 33. Nh5+ Kh6 34. Qe6+ Kxh5 0-1

[Event "Chess.com Speed Chess Championship (Qualifier)"]
[Site "chess.com INT"]
[Date "2018.06.27"]
[EventDate "2018.06.26"]
[Round "2.4"]
[Result "1/2-1/2"]
[White "Jon Ludvig Hammer"]
[Black "Leinier Dominguez Perez"]
[WhiteElo "2631"]
[BlackElo "2739"]
[PlyCount "78"]

1. c4 e6 2. Nf3 d5 3. d4 Nf6 4. Nc3 c5 5. cxd5 Nxd5 6. e4 Nxc3
7. bxc3 cxd4 8. cxd4 Bb4+ 9. Bd2 Bxd2+ 10. Qxd2 O-O 11. Bc4
Nd7 12. O-O b6 13. Rad1 Bb7 14. Rfe1 Rc8 15. Bb3 Re8 16. h3
Nf6 17. Qf4 Nh5 18. Qe5 Nf6 19. Nd2 Qc7 20. Qxc7 Rxc7 21. e5
Nd5 22. Nc4 Ree7 23. Nd6 Nc3 24. Ra1 Bd5 25. Bxd5 Nxd5
26. Rec1 Rxc1+ 27. Rxc1 Rc7 28. Rxc7 Nxc7 29. Kf1 Nd5 30. a3
a6 31. Ke2 Kf8 32. g3 Ke7 33. Kd3 f5 34. h4 g6 35. Kc4 Kd7
36. Nf7 Ke7 37. Nd6 Kd7 38. Nf7 Ke7 39. Nd6 Kd7 1/2-1/2

[Event "Chess.com Speed Chess Championship (Qualifier)"]
[Site "chess.com INT"]
[Date "2018.06.27"]
[EventDate "2018.06.26"]
[Round "2.5"]
[Result "1/2-1/2"]
[White "Leinier Dominguez Perez"]
[Black "Jon Ludvig Hammer"]
[WhiteElo "2739"]
[BlackElo "2631"]
[PlyCount "65"]

1. d4 d5 2. Nf3 Nf6 3. e3 e6 4. Bd3 Bd6 5. O-O O-O 6. b3 b6
7. c4 Bb7 8. cxd5 exd5 9. Ba3 Ne4 10. Qc2 a6 11. Rc1 Nc6
12. Bxe4 dxe4 13. Qxe4 Na5 14. Qf5 g6 15. Qh3 c5 16. Nbd2 cxd4
17. Bxd6 Qxd6 18. Nxd4 Rac8 19. a4 Qb4 20. Rd1 Nc6 21. N2f3
Nxd4 22. Nxd4 Bd5 23. Rab1 Rc3 24. Rdc1 Rxc1+ 25. Rxc1 Bxb3
26. Nxb3 Qxb3 27. Qd7 b5 28. axb5 axb5 29. h4 h5 30. Rc5 Qb4
31. Qxb5 Qxh4 32. Qc4 Qxc4 33. Rxc4 1/2-1/2

[Event "Chess.com Speed Chess Championship (Qualifier)"]
[Site "chess.com INT"]
[Date "2018.06.27"]
[EventDate "2018.06.26"]
[Round "2.6"]
[Result "1/2-1/2"]
[White "Jon Ludvig Hammer"]
[Black "Leinier Dominguez Perez"]
[WhiteElo "2631"]
[BlackElo "2739"]
[PlyCount "41"]

1. c4 e6 2. Nf3 d5 3. d4 Nf6 4. Nc3 c5 5. cxd5 Nxd5 6. e4 Nxc3
7. bxc3 cxd4 8. cxd4 Bb4+ 9. Bd2 Bxd2+ 10. Qxd2 O-O 11. Bc4
Nd7 12. O-O b6 13. Rad1 Bb7 14. Rfe1 Rc8 15. Bb3 Re8 16. h3
Nf6 17. Qf4 Nh5 18. Qe5 Nf6 19. Qf4 Nh5 20. Qe5 Nf6 21. Qf4
1/2-1/2

[Event "Chess.com Speed Chess Championship (Qualifier)"]
[Site "chess.com INT"]
[Date "2018.06.27"]
[EventDate "2018.06.26"]
[Round "2.7"]
[Result "1-0"]
[White "Leinier Dominguez Perez"]
[Black "Jon Ludvig Hammer"]
[WhiteElo "2739"]
[BlackElo "2631"]
[PlyCount "105"]

1. d4 d5 2. Nf3 Nf6 3. e3 e6 4. Bd3 Bd6 5. O-O O-O 6. b3 b6
7. c4 Bb7 8. cxd5 exd5 9. Ba3 c5 10. Nc3 a6 11. Rc1 Nbd7
12. Qe2 b5 13. dxc5 Nxc5 14. Bxc5 Bxc5 15. Nxb5 Bb6 16. Nbd4
g6 17. Rc2 Qd6 18. Rfc1 Qa3 19. Ne5 Rac8 20. Rxc8 Rxc8
21. Rxc8+ Bxc8 22. Qc2 Bb7 23. Nec6 Kg7 24. h3 Nd7 25. b4 Bxd4
26. Nxd4 Qxb4 27. Qc7 Nf8 28. Bf1 Kg8 29. h4 h5 30. a3 Qb2
31. a4 Qb4 32. a5 Kg7 33. Qe5+ Kg8 34. Qc7 Kg7 35. g3 Kg8
36. Bh3 Kg7 37. Be6 Nxe6 38. Nxe6+ Kg8 39. Nd4 Kg7 40. Kg2 Ba8
41. Qe5+ Kh7 42. Qe8 Qb7 43. Kg1 Kg7 44. Qe5+ Kh7 45. Qd6 Kg7
46. Kg2 Kh7 47. Kf3 Kg7 48. Kf4 Qc8 49. f3 f6 50. Ne6+ Kg8
51. Qd8+ Qxd8 52. Nxd8 Kf8 53. Ne6+ 1-0

[Event "Chess.com Speed Chess Championship (Qualifier)"]
[Site "chess.com INT"]
[Date "2018.06.27"]
[EventDate "2018.06.26"]
[Round "2.8"]
[Result "1/2-1/2"]
[White "Jon Ludvig Hammer"]
[Black "Leinier Dominguez Perez"]
[WhiteElo "2631"]
[BlackElo "2739"]
[PlyCount "159"]

1. c4 e6 2. Nf3 d5 3. d4 Nf6 4. Nc3 c5 5. cxd5 Nxd5 6. e4 Nxc3
7. bxc3 cxd4 8. cxd4 Bb4+ 9. Bd2 Bxd2+ 10. Qxd2 O-O 11. Bc4
Nd7 12. O-O b6 13. Rad1 Bb7 14. Rfe1 Rc8 15. Bb3 Re8 16. h3
Nf6 17. Qf4 Nh5 18. Qe3 Nf6 19. Nd2 h6 20. f3 Re7 21. Nc4 Rec7
22. Ne5 Nd7 23. Ng4 Qg5 24. Qxg5 hxg5 25. d5 exd5 26. Bxd5 Nc5
27. Ne5 Kf8 28. Kh2 Re8 29. Bxb7 Rxe5 30. Bd5 Re8 31. Kg3 Ke7
32. h4 gxh4+ 33. Kxh4 Rd8 34. Kg4 Na4 35. Bb3 Rxd1 36. Rxd1
Nc3 37. Rh1 a5 38. a4 Rc5 39. Rh7 Kf6 40. Rh8 b5 41. axb5 Rxb5
42. Bc4 Rc5 43. Bd3 Rg5+ 44. Kh3 Rc5 45. f4 Rc7 46. Ra8 Rd7
47. e5+ Ke7 48. Bf5 Rd4 49. Ra7+ Kf8 50. g3 a4 51. e6 fxe6
52. Bxe6 g6 53. Kg4 Ne4 54. Kf3 Nc5 55. Bh3 Rd3+ 56. Kg4 Ne4
57. Rxa4 Rxg3+ 58. Kh4 Re3 59. Bg2 Nd6 60. Bh3 Nf5+ 61. Bxf5
gxf5 62. Kg5 Rb3 63. Ra6 Rb5 64. Kg6 Rb4 65. Kxf5 Kf7 66. Kg5
Rb1 67. Ra7+ Kf8 68. Ra6 Kf7 69. Kf5 Rb5+ 70. Kg4 Rb4 71. Kg5
Rb1 72. Rf6+ Kg7 73. Rg6+ Kf7 74. Ra6 Rb5+ 75. f5 Rb7 76. Rh6
Kg7 77. Rh2 Rc7 78. f6+ Kg8 79. Kg6 Rg7+ 80. fxg7 1/2-1/2

[Event "Chess.com Speed Chess Championship (Qualifier)"]
[Site "chess.com INT"]
[Date "2018.06.27"]
[EventDate "2018.06.26"]
[Round "2.10"]
[Result "1/2-1/2"]
[White "Jon Ludvig Hammer"]
[Black "Leinier Dominguez Perez"]
[WhiteElo "2631"]
[BlackElo "2739"]
[PlyCount "97"]

1. c4 e6 2. d4 d5 3. Nf3 Nf6 4. Nc3 c5 5. cxd5 Nxd5 6. e4 Nxc3
7. bxc3 cxd4 8. cxd4 Bb4+ 9. Bd2 Bxd2+ 10. Qxd2 O-O 11. Rc1 b6
12. Bd3 Ba6 13. O-O Bxd3 14. Qxd3 Nd7 15. e5 h6 16. Qa6 Re8
17. Rc2 Nf8 18. Rfc1 Ng6 19. Rc7 Nf4 20. g3 Nd5 21. Rxa7 Rxa7
22. Qxa7 Qa8 23. Qxa8 Rxa8 24. Rc2 Ra4 25. Rc8+ Kh7 26. Rf8
Rxa2 27. Rxf7 b5 28. Rb7 b4 29. h4 Ra6 30. h5 Rb6 31. Rxb6
Nxb6 32. Nd2 g6 33. hxg6+ Kxg6 34. Kg2 h5 35. Nb3 Nd5 36. Nc5
Kf5 37. f3 Ne7 38. Kf2 Nd5 39. Ke2 Ne7 40. Kd3 Ng6 41. Kc4 h4
42. gxh4 Nxh4 43. Ne4 Nxf3 44. Nd6+ Kf4 45. Kxb4 Nxd4 46. Nc4
Nf3 47. Kc5 Nxe5 48. Kd6 Nxc4+ 49. Kxe6 1/2-1/2

[Event "Chess.com Speed Chess Championship (Qualifier)"]
[Site "chess.com INT"]
[Date "2018.06.27"]
[EventDate "2018.06.26"]
[Round "2.11"]
[Result "1-0"]
[White "Leinier Dominguez Perez"]
[Black "Jon Ludvig Hammer"]
[WhiteElo "2739"]
[BlackElo "2631"]
[PlyCount "115"]

1. d4 d5 2. Nf3 Nf6 3. e3 e6 4. Bd3 Bd6 5. O-O O-O 6. b3 b6
7. c4 Bb7 8. cxd5 exd5 9. Ba3 Bxa3 10. Nxa3 c5 11. Nb5 a6
12. Nc3 Nbd7 13. Rc1 Qe7 14. Qe2 Rfc8 15. Rfd1 g6 16. h3 b5
17. dxc5 Rxc5 18. Qb2 Rac8 19. Ne2 Rxc1 20. Rxc1 Rxc1+
21. Qxc1 Qc5 22. Qb2 Qd6 23. Ned4 Nc5 24. Bc2 Nce4 25. b4 Qc7
26. Bd3 Qc3 27. Qxc3 Nxc3 28. a3 Kf8 29. Kf1 Ke7 30. Ke1 Kd6
31. Ng5 Ke7 32. Kd2 Nce4+ 33. Nxe4 dxe4 34. Bc2 Nd7 35. Nb3
Kd6 36. Kc3 Ke5 37. Nd4 Nb6 38. Bb3 Bd5 39. Bc2 h5 40. h4 f6
41. g3 g5 42. Bd1 Bf7 43. Nc6+ Kd6 44. Nb8 Nc4 45. a4 bxa4
46. Bxa4 Ne5 47. Nxa6 Nf3 48. Nc5 Ke5 49. Nd7+ Kf5 50. b5 gxh4
51. gxh4 Nxh4 52. Kd4 Nf3+ 53. Kc5 Ne5 54. Nxe5 Kxe5 55. b6
Bd5 56. Bc6 Bxc6 57. Kxc6 Kf5 58. b7 1-0

[Event "Chess.com Speed Chess Championship (Qualifier)"]
[Site "chess.com INT"]
[Date "2018.06.27"]
[EventDate "2018.06.26"]
[Round "2.12"]
[Result "0-1"]
[White "Jon Ludvig Hammer"]
[Black "Leinier Dominguez Perez"]
[WhiteElo "2631"]
[BlackElo "2739"]
[PlyCount "118"]

1. d4 e6 2. Nf3 d5 3. c4 Nf6 4. Nc3 c5 5. cxd5 Nxd5 6. e4 Nxc3
7. bxc3 cxd4 8. cxd4 Bb4+ 9. Bd2 Bxd2+ 10. Qxd2 O-O 11. Bc4
Nd7 12. O-O b6 13. Rad1 Bb7 14. Rfe1 Rc8 15. Bb3 Re8 16. h3
Nf6 17. Qf4 Nh5 18. Qe5 Nf6 19. Qf4 Nh5 20. Qe3 Nf6 21. Nd2
Re7 22. f3 Rec7 23. Nf1 Rc3 24. Qf2 Nh5 25. Ne3 Nf4 26. Qg3
Nd3 27. Re2 Qxd4 28. Kh1 Qe5 29. Qxe5 Nxe5 30. Ng4 Nxg4
31. hxg4 Rc1 32. Rd2 Rxd1+ 33. Rxd1 Bc6 34. g5 Kf8 35. Kh2 Ke7
36. Kg3 Rh8 37. Rh1 h6 38. Rc1 Kd7 39. Rd1+ Ke7 40. Rc1 Rc8
41. gxh6 gxh6 42. Rh1 Rg8+ 43. Kf2 Rg6 44. e5 Rg5 45. Re1 h5
46. Rc1 Kd7 47. Re1 h4 48. Rd1+ Ke7 49. Re1 a5 50. Bc4 b5
51. Bf1 b4 52. Rc1 Kd7 53. Rd1+ Bd5 54. f4 Rg4 55. Rd4 Kc6
56. a3 Kc5 57. Rd1 Rxf4+ 58. Ke3 Re4+ 59. Kd3 Rd4+ 0-1

[Event "Chess.com Speed Chess Championship (Qualifier)"]
[Site "chess.com INT"]
[Date "2018.06.27"]
[EventDate "2018.06.26"]
[Round "2.13"]
[Result "0-1"]
[White "Leinier Dominguez Perez"]
[Black "Jon Ludvig Hammer"]
[WhiteElo "2739"]
[BlackElo "2631"]
[PlyCount "96"]

1. d4 Nf6 2. Nf3 g6 3. e3 Bg7 4. Be2 O-O 5. O-O d6 6. c4 c5
7. d5 e6 8. Nc3 exd5 9. cxd5 Re8 10. Nd2 Na6 11. e4 Rb8 12. a4
Nb4 13. f3 a6 14. Nc4 b5 15. axb5 axb5 16. Na3 c4 17. Naxb5
Rxb5 18. Nxb5 Qb6+ 19. Nd4 Nfxd5 20. exd5 Bxd4+ 21. Kh1 Ba6
22. Ra4 Bc5 23. Bd2 Nd3 24. Bxd3 cxd3 25. Bc3 d2 26. Rxa6 Qxa6
27. Bxd2 Qc4 28. Bc3 f6 29. Re1 Rxe1+ 30. Qxe1 Qxd5 31. Bxf6
Qf7 32. Qe7 Qxe7 33. Bxe7 Kf7 34. Bg5 Ke6 35. g3 Kd5 36. Kg2
Kc4 37. Kf1 Kd3 38. Bf6 d5 39. f4 d4 40. g4 Kc2 41. b4 d3
42. bxc5 d2 43. c6 d1=Q+ 44. Kf2 Qd2+ 45. Kg3 Qe3+ 46. Kh4
Qxf4 47. Bd8 Qxh2+ 48. Kg5 Qd2+ 0-1

[Event "Chess.com Speed Chess Championship (Qualifier)"]
[Site "chess.com INT"]
[Date "2018.06.27"]
[EventDate "2018.06.26"]
[Round "2.14"]
[Result "0-1"]
[White "Jon Ludvig Hammer"]
[Black "Leinier Dominguez Perez"]
[WhiteElo "2631"]
[BlackElo "2739"]
[PlyCount "68"]

1. d4 e6 2. Nf3 d5 3. c4 Nf6 4. Nc3 c5 5. cxd5 Nxd5 6. e4 Nxc3
7. bxc3 cxd4 8. cxd4 Bb4+ 9. Bd2 Bxd2+ 10. Qxd2 O-O 11. Rc1 b6
12. h3 Bb7 13. Bd3 Nc6 14. Qe3 Qd6 15. O-O Rfd8 16. e5 Qd7
17. Rfd1 Ne7 18. Bb1 Bxf3 19. Qxf3 Rac8 20. Rxc8 Rxc8 21. h4
Nd5 22. h5 Qd8 23. Qg4 g6 24. hxg6 hxg6 25. Bxg6 fxg6
26. Qxg6+ Kf8 27. Qh6+ Ke7 28. Qg7+ Ke8 29. Qg6+ Kd7 30. Qh7+
Qe7 31. Qe4 Nc3 32. Qb7+ Rc7 33. Qxc7+ Kxc7 34. Rc1 Qa3 0-1

[Event "Chess.com Speed Chess Championship (Qualifier)"]
[Site "chess.com INT"]
[Date "2018.06.27"]
[EventDate "2018.06.26"]
[Round "2.15"]
[Result "1/2-1/2"]
[White "Leinier Dominguez Perez"]
[Black "Jon Ludvig Hammer"]
[WhiteElo "2739"]
[BlackElo "2631"]
[PlyCount "105"]

1. d4 Nf6 2. Nf3 g6 3. e3 Bg7 4. Be2 O-O 5. O-O c5 6. dxc5 Na6
7. c4 Nxc5 8. Nc3 b6 9. Nd4 Bb7 10. f3 d5 11. cxd5 Nxd5
12. Nxd5 Qxd5 13. Nb3 Na4 14. Qxd5 Bxd5 15. Rb1 Rac8 16. e4
Bc4 17. Bxc4 Rxc4 18. Rf2 Rd8 19. Be3 Rd3 20. Bf4 f5 21. Re2
fxe4 22. fxe4 Kf7 23. h3 Ke6 24. Kf1 a5 25. Kg1 Be5 26. Bxe5
Kxe5 27. Nd2 Rb4 28. Nf3+ Kf6 29. Rf1 Ke6 30. b3 Nc3 31. Ng5+
Ke5 32. Rc2 Nxe4 33. Nxe4 Rxe4 34. Rf7 e6 35. Rxh7 a4 36. bxa4
Rxa4 37. Rb2 Rd6 38. Rb7 Kf6 39. R7xb6 Rxb6 40. Rxb6 Rxa2
41. Rb3 Ra5 42. Rf3+ Kg7 43. Kf2 Rf5 44. Kg3 Kf6 45. Kf2 Kg5
46. Ke3 e5 47. Ke4 Rxf3 48. gxf3 Kf6 49. f4 exf4 50. Kxf4 g5+
51. Kg4 Kg6 52. h4 gxh4 53. Kxh4 1/2-1/2

[Event "Chess.com Speed Chess Championship (Qualifier)"]
[Site "chess.com INT"]
[Date "2018.06.27"]
[EventDate "2018.06.26"]
[Round "2.16"]
[Result "0-1"]
[White "Jon Ludvig Hammer"]
[Black "Leinier Dominguez Perez"]
[WhiteElo "2631"]
[BlackElo "2739"]
[PlyCount "100"]

1. e4 e5 2. Nf3 Nc6 3. Bb5 Nf6 4. O-O Nxe4 5. Re1 Nf6 6. Nxe5
Be7 7. Nf3 O-O 8. d4 d5 9. c3 a6 10. Bd3 Bg4 11. Nbd2 Bd6
12. h3 Bh5 13. Nf1 Bg6 14. Ng3 Bxd3 15. Qxd3 h6 16. Nf5 Qd7
17. Bxh6 gxh6 18. Nxh6+ Kg7 19. Nf5+ Kh8 20. Ne5 Bxe5 21. dxe5
Ng8 22. Qf3 f6 23. e6 Qh7 24. c4 d4 25. Re4 Ne5 26. Qg3 Qxf5
27. Rh4+ Qh7 28. Rxh7+ Kxh7 29. f4 Ng6 30. f5 N6e7 31. Qxc7
Rad8 32. g4 d3 33. b3 d2 34. Rd1 Rd3 35. Kg2 Rfd8 36. g5 Kg7
37. Qxb7 Kf8 38. g6 Kg7 39. h4 Rc3 40. Qc7 Rd4 41. Qa5 Rcd3
42. h5 Nh6 43. Qxa6 Nhxf5 44. Qa7 Rc3 45. h6+ Kxh6 46. g7 Kxg7
47. Qa5 Rcd3 48. Qa7 Rf4 49. Kh2 Rg3 50. Rxd2 Rh4# 0-1

[Event "Chess.com Speed Chess Championship (Qualifier)"]
[Site "chess.com INT"]
[Date "2018.06.27"]
[EventDate "2018.06.26"]
[Round "2.17"]
[Result "0-1"]
[White "Leinier Dominguez Perez"]
[Black "Jon Ludvig Hammer"]
[WhiteElo "2739"]
[BlackElo "2631"]
[PlyCount "66"]

1. d4 Nf6 2. Nf3 g6 3. e3 Bg7 4. Be2 O-O 5. O-O d6 6. c4 c5
7. dxc5 dxc5 8. Qxd8 Rxd8 9. Nc3 Bf5 10. Bd2 Ne4 11. Nxe4 Bxe4
12. Bc3 Bxc3 13. bxc3 Nc6 14. Rfd1 Na5 15. Kf1 f6 16. Ke1 Kf7
17. g3 b6 18. Nd2 Bc2 19. Rdc1 Ba4 20. h4 Rac8 21. Rab1 Rd7
22. Rb2 Rcd8 23. h5 g5 24. f4 gxf4 25. gxf4 Bc6 26. Nb3 Nb7
27. Rd1 Nd6 28. Nd2 Rg8 29. Kf2 Rg2+ 30. Kf1 Nf5 31. Bf3 Nxe3+
32. Ke1 Bxf3 33. Nxf3 Rxd1# 0-1

[Event "Chess.com Speed Chess Championship (Qualifier)"]
[Site "chess.com INT"]
[Date "2018.06.27"]
[EventDate "2018.06.26"]
[Round "2.18"]
[Result "1/2-1/2"]
[White "Jon Ludvig Hammer"]
[Black "Leinier Dominguez Perez"]
[WhiteElo "2631"]
[BlackElo "2739"]
[PlyCount "73"]

1. e4 e5 2. Nf3 Nc6 3. Bb5 Nf6 4. O-O Nxe4 5. Re1 Nd6 6. Nxe5
Be7 7. Bf1 Nxe5 8. Rxe5 O-O 9. d4 Ne8 10. d5 Bc5 11. Re1 d6
12. Nc3 Bf5 13. Na4 Bxf2+ 14. Kxf2 Qh4+ 15. Kg1 Qxa4 16. c4
Qxd1 17. Rxd1 Nf6 18. b3 Rfe8 19. Bb2 Ne4 20. Bd4 a5 21. Rac1
b6 22. Bd3 Bg6 23. Bb2 Nc5 24. Bf1 f6 25. Re1 Rxe1 26. Rxe1
Re8 27. Rd1 Kf7 28. Bd4 Bf5 29. h3 h5 30. Kf2 h4 31. Kg1 g5
32. Kf2 Kg6 33. Kg1 Bc2 34. Rc1 Bf5 35. Rd1 Bc2 36. Rc1 Bf5
37. Rd1 1/2-1/2

[Event "Champions Showdown"]
[Site "St Louis, MO USA"]
[Date "2019.02.23"]
[EventDate "2019.02.23"]
[Round "7.4"]
[Result "1/2-1/2"]
[White "Veselin Topalov"]
[Black "Leinier Dominguez Perez"]
[WhiteElo "2740"]
[BlackElo "2739"]
[PlyCount "55"]

1. c4 e5 2. d3 Bb4+ 3. Nd2 Nf6 4. Nf3 Nc6 5. a3 Bxd2+ 6. Bxd2
e4 7. dxe4 Nxe4 8. e3 O-O 9. Qc2 Re8 10. Bd3 d5 11. Rd1 Bg4
12. Bc3 Bxf3 13. gxf3 Ng5 14. cxd5 Nxf3+ 15. Kf1 Nce5
16. Bxh7+ Kh8 17. Be4 Qh4 18. Bxf3 Nxf3 19. Qf5 Qc4+ 20. Qd3
Qg4 21. h3 Qh5 22. Qc4 Nh2+ 23. Ke1 Nf3+ 24. Kf1 Ne5 25. Qe2
Nf3 26. Qc4 Ne5 27. Qe2 Nf3 28. Qc4 1/2-1/2

[Event "Russian Team Championship (Premier)"]
[Site "Sochi RUS"]
[Date "2019.05.05"]
[EventDate "2019.05.01"]
[Round "5.4"]
[Result "1/2-1/2"]
[White "Ivan Bocharov"]
[Black "Leinier Dominguez Perez"]
[WhiteElo "2568"]
[BlackElo "2750"]
[PlyCount "138"]

1. e4 c5 2. Nf3 d6 3. d4 cxd4 4. Nxd4 Nf6 5. Nc3 a6 6. f3 e5
7. Nb3 Be6 8. Be3 h5 9. Nd5 Bxd5 10. exd5 Nbd7 11. Qd2 g6
12. Be2 Bg7 13. O-O b6 14. c4 O-O 15. Rae1 Rc8 16. Kh1 Re8
17. Qd1 a5 18. Bg5 Qc7 19. Nd2 e4 20. Nb1 exf3 21. gxf3 Ne5
22. Na3 Qd7 23. Rg1 Qf5 24. Qb1 Qh3 25. Rg3 Qd7 26. Bf1 Nh7
27. Bh3 Ng4 28. Be3 Rxe3 29. Rxe3 Nf2+ 30. Kg2 Nxh3 31. Rxh3
Bh6 32. Re2 Bf4 33. Rh4 Qd8 34. Qe1 Qg5+ 35. Kh1 Nf6 36. Rxf4
Qxf4 37. Qg3 Qxg3 38. hxg3 Kf8 39. Kg2 Re8 40. Rxe8+ Kxe8
41. Nb5 Ke7 42. b3 Nd7 43. Kf2 a4 44. Ke3 axb3 45. axb3 Nc5
46. Nd4 Kf6 47. Nb5 Ke7 48. Nd4 Nd7 49. Nc6+ Ke8 50. Na7 Kd8
51. Nb5 Ke7 52. Na7 Nc5 53. Nc8+ Kd7 54. Nxb6+ Kc7 55. Na4
Nxb3 56. Nc3 Nc5 57. Nb5+ Kd7 58. Nd4 Ke7 59. Nc6+ Kf6 60. Na7
Ke7 61. Nc6+ Kd7 62. Nd4 Nb7 63. f4 Nc5 64. Nf3 Ke7 65. Kd4 f6
66. Ke3 Kf7 67. Kd4 Ke7 68. Ke3 Kf7 69. Kd4 Ke7 1/2-1/2

[Event "Russian Team Championship (Premier)"]
[Site "Sochi RUS"]
[Date "2019.05.07"]
[EventDate "2019.05.01"]
[Round "6.2"]
[Result "1/2-1/2"]
[White "Evgeny Alekseev"]
[Black "Leinier Dominguez Perez"]
[WhiteElo "2647"]
[BlackElo "2750"]
[PlyCount "65"]

1. e4 e5 2. Nf3 Nc6 3. Bb5 Nf6 4. O-O Nxe4 5. Re1 Nd6 6. Nxe5
Be7 7. Bf1 Nxe5 8. Rxe5 O-O 9. Nc3 Ne8 10. Nd5 Bd6 11. Re1 c6
12. Ne3 Be7 13. c4 Nc7 14. d4 d5 15. cxd5 Bb4 16. Bd2 Bxd2
17. Qxd2 Nxd5 18. Nxd5 Qxd5 19. Re5 Qd6 20. Bc4 Bd7 21. Rae1
Rae8 22. Qc3 Rxe5 23. dxe5 Qe7 24. Rd1 Be6 25. Bxe6 Qxe6
26. a3 f6 27. exf6 Qxf6 28. Qxf6 Rxf6 29. Rd7 Rf7 30. Rd8+ Rf8
31. Rd7 Rf7 32. Rd8+ Rf8 33. Rd7 1/2-1/2

[Event "Netanya Masters"]
[Site "Netanya ISR"]
[Date "2019.06.26"]
[EventDate "2019.06.23"]
[Round "4.1"]
[Result "1-0"]
[White "Leinier Dominguez Perez"]
[Black "Tamir Nabaty"]
[WhiteElo "2760"]
[BlackElo "2678"]
[PlyCount "119"]

1. e4 e5 2. Nf3 Nc6 3. Bb5 a6 4. Ba4 Bc5 5. c3 Nge7 6. O-O Ng6
7. d4 Ba7 8. Bg5 f6 9. Be3 O-O 10. Re1 d6 11. Nbd2 Kh8 12. h3
exd4 13. Nxd4 Nxd4 14. Bxd4 f5 15. Bxa7 Rxa7 16. Nf3 fxe4
17. Rxe4 Bf5 18. Re3 b5 19. Bb3 c5 20. a4 c4 21. Qd4 Raf7
22. Bd1 d5 23. axb5 axb5 24. Ne5 Nxe5 25. Rxe5 Be4 26. f3 Rf4
27. fxe4 Rf1+ 28. Kh2 Qb8 29. Qxd5 g6 30. Qd4 Kg8 31. Qd5+ Kh8
32. Qd4 Kg8 33. Ra5 Rxd1 34. Rxb5 Rxd4 35. Rxb8 Rxb8 36. cxd4
Rxb2 37. Rc5 Rb4 38. d5 c3 39. e5 Rd4 40. d6 Kf7 41. Rxc3 Ke6
42. Re3 g5 43. Kg3 h5 44. Kf3 Rd2 45. Re2 Rd3+ 46. Kf2 Rd1
47. Re3 Rd2+ 48. Ke1 Rd4 49. Ke2 Rd5 50. Re4 Ra5 51. Kf3 Rd5
52. Ke3 Ra5 53. Kd2 Rc5 54. Rd4 Rc8 55. d7 Rd8 56. Kd3 Kxe5
57. Kc4 Ke6 58. Kc5 Rxd7 59. Rxd7 Kxd7 60. Kd5 1-0